Orthoapnea. Roncopatía y apnea obstructiva : (Registro nro. 57038)
[ vista simple ]
| 000 -LEADER | |
|---|---|
| fixed length control field | 01153cam a2200337 i 4500 |
| 001 - CONTROL NUMBER | |
| control field | 57038 |
| 003 - CONTROL NUMBER IDENTIFIER | |
| control field | Mx-PuUPA |
| 005 - DATE AND TIME OF LATEST TRANSACTION | |
| control field | 20230324105610.0 |
| 008 - FIXED-LENGTH DATA ELEMENTS--GENERAL INFORMATION | |
| fixed length control field | 140415s2010 sp a r 000 0 spa d |
| 017 ## - COPYRIGHT OR LEGAL DEPOSIT NUMBER | |
| Copyright or legal deposit number | M-1440-2010 |
| 020 ## - INTERNATIONAL STANDARD BOOK NUMBER | |
| International Standard Book Number | 9788493723897 |
| 040 ## - CATALOGING SOURCE | |
| Original cataloging agency | Mx-PuUPA |
| Language of cataloging | spa |
| Transcribing agency | Mx-PuUPA |
| Modifying agency | Mx-PuUPA |
| Description conventions | rda |
| 041 0# - LANGUAGE CODE | |
| Language code of text/sound track or separate title | spa |
| 100 1# - MAIN ENTRY--PERSONAL NAME | |
| Personal name | García Urbano, Jesús, |
| 9 (RLIN) | 8233 |
| Relator term | autor |
| 245 10 - TITLE STATEMENT | |
| Title | Orthoapnea. Roncopatía y apnea obstructiva : |
| Remainder of title | soluciones a los problemas del sueño / |
| Statement of responsibility, etc. | Jesús García Urbano ; editor responsable, Rafael López Gómez |
| 246 18 - VARYING FORM OF TITLE | |
| Title proper/short title | Orthoapnea |
| 250 ## - EDITION STATEMENT | |
| Edition statement | 1a. edición |
| 264 #4 - PRODUCTION, PUBLICATION, DISTRIBUTION, MANUFACTURE, AND COPYRIGHT NOTICE | |
| Place of production, publication, distribution, manufacture | Madrid : |
| Name of producer, publisher, distributor, manufacturer | Editorial Ripano, |
| Date of production, publication, distribution, manufacture, or copyright notice | ©2010 |
| 300 ## - PHYSICAL DESCRIPTION | |
| Extent | 388 páginas : |
| Other physical details | ilustraciones ; |
| Dimensions | 32 cm. |
| 336 ## - CONTENT TYPE | |
| Fuente | rdacontent |
| Content type term | texto |
| Content type code | txt |
| 337 ## - MEDIA TYPE | |
| Source | rdamedia |
| Media type term | sin medio |
| Media type code | n |
| 338 ## - CARRIER TYPE | |
| Source | rdacarrier |
| Carrier type term | volumen |
| Carrier type code | nc |
| 650 #7 - SUBJECT ADDED ENTRY--TOPICAL TERM | |
| Topical term or geographic name entry element | Ortodoncia |
| Source of heading or term | armarc |
| 650 #7 - SUBJECT ADDED ENTRY--TOPICAL TERM | |
| Topical term or geographic name entry element | Odontología |
| Source of heading or term | armarc |
| 650 #7 - SUBJECT ADDED ENTRY--TOPICAL TERM | |
| Topical term or geographic name entry element | Prótesis dentales |
| Source of heading or term | armarc |
| 650 #7 - SUBJECT ADDED ENTRY--TOPICAL TERM | |
| Topical term or geographic name entry element | Respiratorio, Aparato |
| General subdivision | Enfermedades |
| Source of heading or term | armarc |
| 700 1# - ADDED ENTRY--PERSONAL NAME | |
| Personal name | López Gómez, Rafael, |
| Relator term | editor |
| 942 ## - ADDED ENTRY ELEMENTS (KOHA) | |
| Source of classification or shelving scheme | Dewey Decimal Classification |
| Koha item type | Libro |
| Classification part | 616.2 |
| Item part | G212 |
| Withdrawn status | Lost status | Source of classification or shelving scheme | Damaged status | Not for loan | Collection code | Home library | Current library | Shelving location | Date acquired | Source of acquisition | Total Checkouts | Full call number | Barcode | Date last seen | Copy number | Price effective from | Koha item type |
|---|---|---|---|---|---|---|---|---|---|---|---|---|---|---|---|---|---|
| Dewey Decimal Classification | Referencia | Biblioteca Karol Wojtyla | Biblioteca Karol Wojtyla | Área de silencio | 03/12/2013 | Compra | 616.2 G212 2010 | 86166 | 05/01/2026 | Ej.2 | 03/12/2013 | Folio | |||||
| Dewey Decimal Classification | Referencia | Biblioteca Karol Wojtyla | Biblioteca Karol Wojtyla | Área de silencio | 03/12/2013 | Compra | 616.2 G212 2010 | 86165 | 05/01/2026 | 03/12/2013 | Folio |